Łańcuch piłkarzy - zdjęcia #10 - Statystyki

Ogólne statystyki
  • Ten quiz został rozwiązany 71 razy
  • Średni wynik to 9 z 20
Statystyki odpowiedzi
Obrazkowy Odpowiedź % Poprawnych
Erling Haaland
92%
Piotr Zieliński
89%
Bukayo Saka
86%
Xabi Alonso
81%
Dani Olmo
78%
Shinji Kagawa
78%
Antony
67%
Landon Donovan
63%
Tanguy Ndombele
49%
Matteo Guendouzi
43%
Salvatore Sirigu
33%
Nahuel Molina
32%
Krzysztof Warzycha
27%
Willy Sagnol
16%
Borna Sosa
13%
Enrico Chiesa
6%
Leonardo
6%
Miguel Angel Nadal
3%
Jozsef Kiprich
2%
Tibor Nyilasi
2%
Nie znaleziono quizów pasujących do podanych kryteriów
Rozkład punktacji
Procent ludzi z każdym wynikiem
Percentyl według liczby udzielonych odpowiedzi
Twoja historia wyników
Nie rozwiązałeś tego quizu